Rozpoznaj miasto po tablicy rejestracyjnej warmińsko-mazursk - Statystyki

Ogólne statystyki
  • Ten quiz został rozwiązany 236 razy
  • Średni wynik to 13 z 20
Statystyki odpowiedzi
Rejestracja Miasto / powiat Odpowiedź % Poprawnych
NO Miasto Olsztyn
99%
NE Miasto Elbląg
96%
NOL powiat olsztyński
76%
NGI powiat giżycki
74%
NIL powiat iławski
73%
NMR powiat mrągowski
72%
NEB powiat elbląski
68%
NEL powiat ełcki
68%
NKE powiat kętrzyński
68%
NBA powiat bartoszycki
67%
NOS powiat ostródzki
66%
NPI powiat piski
66%
NBR powiat braniewski
64%
NDZ powiat działdowski
62%
NNI powiat nidzicki
61%
NLI powiat lidzbarski
60%
NGO powiat gołdapski
59%
NOE powiat olecki
52%
NNM powiat nowomiejski
47%
NSZ powiat szczycieński
46%
Nie znaleziono quizów pasujących do podanych kryteriów
Rozkład punktacji
Procent ludzi z każdym wynikiem
Percentyl według liczby udzielonych odpowiedzi
Twoja historia wyników
Nie rozwiązałeś tego quizu